The state and civil society: meeting health needs, reaching equity (Record no. 43786)

000 -LEADER
fixed length control field 00872pab a2200169 454500
008 - FIXED-LENGTH DATA ELEMENTS--GENERAL INFORMATION
fixed length control field 180718b1999 xxu||||| |||| 00| 0 eng d
100 ## - MAIN ENTRY--PERSONAL NAME
Personal name Raghuram, Shobha
245 ## - TITLE STATEMENT
Title The state and civil society: meeting health needs, reaching equity
260 ## - PUBLICATION, DISTRIBUTION, ETC.
Date of publication, distribution, etc. 1999
300 ## - PHYSICAL DESCRIPTION
Extent p.54-58
362 ## - DATES OF PUBLICATION AND/OR SEQUENTIAL DESIGNATION
Dates of publication and/or sequential designation Dec
520 ## - SUMMARY, ETC.
Summary, etc. Shobha Raghuram and Manashi Ray examine the health standards for the poor in India within the broader context of human development concerns during the last decade, with special emphasis on the role of the state and its commitment towards achieving `health for all'. They discuss the response of civil society in issues of public health and in monitoring the accountability of the state, underscoring the need for reforms in the state services. - Reproduced
650 ## - SUBJECT ADDED ENTRY--TOPICAL TERM
Topical term or geographic name entry element Health services
700 ## - ADDED ENTRY--PERSONAL NAME
Personal name Ray, Manashi
773 ## - HOST ITEM ENTRY
Main entry heading Development
909 ## -
-- 43786
Holdings
Withdrawn status Lost status Damaged status Not for loan Permanent Location Current Location Date acquired Serial Enumeration / chronology Barcode Date last seen Price effective from Koha item type
        Indian Institute of Public Administration Indian Institute of Public Administration 2018-07-19 Volume no: 42, Issue no: 4 AR44187 2018-07-19 2018-07-19 Articles

Powered by Koha